Kallum Karayum / (Record no. 11654)
[ view plain ]
| 000 -LEADER | |
|---|---|
| fixed length control field | 00381cam a2200157ua 4500 |
| 041 ## - LANGUAGE CODE | |
| Language code of text/sound track or separate title | eng |
| 082 ## - DEWEY DECIMAL CLASSIFICATION NUMBER | |
| Classification number | 894.8122 |
| Item number | THA/KA |
| 100 ## - MAIN ENTRY--AUTHOR NAME | |
| Personal name | Thalappill. N.A, . |
| 245 ## - TITLE STATEMENT | |
| Title | Kallum Karayum / |
| 260 ## - PUBLICATION, DISTRIBUTION, ETC. (IMPRINT) | |
| Place of publication | Palaghaut : |
| Name of publisher | Thalappill N.A , |
| Year of publication | 1963. |
| 300 ## - PHYSICAL DESCRIPTION | |
| Number of Pages | 70 ; . |
No items available.
